| 000 | 01582nam a22003137a 4500 | ||
|---|---|---|---|
| 999 |
_c29553 _d29524 |
||
| 003 | EG-ScBUE | ||
| 005 | 20211004104828.0 | ||
| 008 | 210930s2002 ua f 000 0 ara d | ||
| 017 | _a2002/9161 | ||
| 020 | _a9770178189 | ||
| 040 |
_aEG-ScBUE _bara _erda _cEG-ScBUE _dEG-ScBUE |
||
| 082 | 0 | 4 |
_a297.124 _bح س ن _222 |
| 100 | 1 |
_aالحسني، صلاح الدين التجاني، _eمؤلف. |
|
| 245 | 1 | 0 |
_aكتاب المحاريب ؛ _bومعه كتاب الدرر السنية في الأربعين حديثا التجانية ؛ ومعه كتاب الياقوتة الفريدة في التوحيد والعقيدة / _cتأليف سماحة الإمام صلاح الدين التجاني الحسني. |
| 246 | 3 | 0 |
_aمحاريب : _bومعه كتاب الدرر السنية في الأربعين حديثا التجانية ؛ ومعه كتاب الياقوتة الفريدة في التوحيد والعقيدة |
| 264 | 1 |
_a[القاهرة] : _bالهيئة المصرية العامة للكتاب، _c2002. |
|
| 300 |
_a582 صفحة ؛ _c26 سم |
||
| 336 |
_2rdacontent _aنص _btxt |
||
| 337 |
_2rdamedia _aبدون وسيط _bn |
||
| 338 |
_2rdacarrier _aمجلد _bnc |
||
| 541 | _cDonation. | ||
| 650 | 7 |
_aالحديث _xشرح. _2BUEsh |
|
| 650 | 7 |
_aعلم الكلام. _2BUEsh |
|
| 653 | 7 |
_aBUEsh _bGGEN _cSeptember2021 |
|
| 655 | 7 |
_2BUEsh _vReading book _934232 |
|
| 740 | 2 | 2 | _aالدرر السنية في الأربعين حديثا التجانية. |
| 740 | 2 | 2 | _aالياقوتة الفريدة في التوحيد والعقيدة. |
| 942 | _2ddc | ||